International marketing : analysis and strategy /

Wedi'i Gadw mewn:
Manylion Llyfryddiaeth
Prif Awdur: Onkvisit, Sak.
Fformat: Llyfr
Iaith:English
Cyhoeddwyd: Upper Saddle River, N.J. : Prentice Hall, 1997.
Rhifyn:3rd edition.
Pynciau:
Tagiau: Ychwanegu Tag
Dim Tagiau, Byddwch y cyntaf i dagio'r cofnod hwn!
Thư viện lưu trữ: Mạng thư viện Đại học Đà Nẵng
LEADER 00883cam a2200337 i 4500
001 000046402
003 5867
005 20030217153703.0
008 010220|1997 vm 000 eng
020 |a 0132724510 
040 |a IRC  |c IRC  |d IRC 
041 0 |a eng 
082 1 4 |a 658.848  |b ON-S 
100 1 |a Onkvisit, Sak. 
245 0 0 |a International marketing :  |b analysis and strategy /  |c Sak Onkvisit. 
250 |a 3rd edition. 
260 |a Upper Saddle River, N.J. :  |b Prentice Hall,  |c 1997. 
300 |a xviii, 750p. :  |b ill. 
630 0 4 |a Export marketing. 
650 0 4 |a Export marketing  |x Management. 
650 0 4 |a Export marketing. 
OWN |a DUT 
999 |a From the UDN01 
TYP |a Monograph 
TYP |a Printed language 
980 |a Mạng thư viện Đại học Đà Nẵng